[Event "Swiss Queens Wed #3"]
[Site "FIDE Online Arena INT"]
[Date "2024.02.14"]
[Round "2"]
[White "Stangl, Anita"]
[Black "Preobrazhenskaya, Diana"]
[Result "1-0"]
[WhiteElo "2070"]
[BlackElo "1859"]
[PlyCount "115"]
[EventDate "2024.02.14"]
[EventType "swiss (blitz)"]
[EventRounds "11"]
[EventCountry "NET"]
[SourceTitle "CB08_2024"]
[SourceDate "2024.02.21"]
[SourceVersion "1"]
[SourceVersionDate "2024.02.21"]
[SourceQuality "1"]

1. e4 c5 2. Nf3 d6 3. d4 cxd4 4. Nxd4 Nf6 5. Nc3 a6 6. Bc4 e6 7. a3 Be7 8. Nde2 b5 9. Ba2 Bb7 10. Ng3 0-0 11. 0-0 Nbd7 12. f4 Qb6+ 13. Kh1 Rad8 14. Qe2 Qc6 15. f5 Nc5 16. Bg5 Kh8 17. Nh5 Ncxe4 18. Nxe4 Qxe4 19. Qxe4 Bxe4 20. Bxf6 Bxf6 21. Nxf6 gxf6 22. fxe6 fxe6 23. Bxe6 Bxc2 24. Rac1 Bd3 25. Rfd1 Be4 26. Rd4 d5 27. Kg1 Rfe8 28. Rc6 Kg7 29. Kf2 Re7 30. Rxa6 Kg6 31. g3 Rc7 32. Rd2 Re8 33. Bh3 Rd8 34. Bg2 Bxg2 35. Kxg2 d4 36. Kf3 d3 37. Ke3 Rcd7 38. Rb6 Re7+ 39. Kf2 Re5 40. b4 Rd4 41. Rc6 Red5 42. Rc3 Rd6 43. Ke3 R6d5 44. Rcxd3 Rxd3+ 45. Rxd3 Re5+ 46. Kd4 Re1 47. Kc5 Re2 48. h4 Rc2+ 49. Kxb5 f5 50. a4 Kh5 51. a5 Kg4 52. a6 Ra2 53. Kb6 f4 54. gxf4 Kxf4 55. Kb7 Kg4 56. a7 Kxh4 57. a8Q Rxa8 58. Kxa8 1-0

[Event "Swiss Queens Wed #1"]
[Site "FIDE Online Arena INT"]
[Date "2024.01.31"]
[Round "5"]
[White "Tripurambika, V."]
[Black "Stangl, Anita"]
[Result "1-0"]
[WhiteElo "1396"]
[BlackElo "2055"]
[PlyCount "97"]
[EventDate "2024.01.31"]
[EventType "swiss (blitz)"]
[EventRounds "11"]
[EventCountry "NET"]
[SourceTitle "CB06_2024"]
[SourceDate "2024.02.07"]
[SourceVersion "1"]
[SourceVersionDate "2024.02.07"]
[SourceQuality "1"]

1. d4 e6 2. Nc3 d5 3. Bf4 c6 4. e3 Bb4 5. Bd3 Nf6 6. Nge2 0-0 7. 0-0 Nbd7 8. a3 Be7 9. e4 dxe4 10. Nxe4 Nd5 11. Bg3 N7f6 12. c4 Nxe4 13. Bxe4 Nf6 14. Bf3 a5 15. Qc2 a4 16. Rad1 Bd6 17. Rfe1 Bxg3 18. Nxg3 Qc7 19. Ne4 Nxe4 20. Bxe4 h6 21. g3 Re8 22. Bg2 b6 23. h3 Bb7 24. Qc3 Rac8 25. Re3 c5 26. d5 exd5 27. cxd5 Rxe3 28. Qxe3 Rd8 29. Qe4 Qd7 30. Qc4 Re8 31. Qc3 Qd6 32. Re1 Rd8 33. Rd1 b5 34. Qa5 Qd7 35. Qb6 c4 36. Re1 Rc8 37. Qa7 Bc6 38. Qd4 Rd8 39. Qc5 Ba8 40. Re7 Qf5 41. Re1 Bxd5 42. Bxd5 Qxd5 43. Qe7 Qd2 44. Re2 Qd1+ 45. Kg2 Qd5+ 46. Kh2 Kh8 47. Qe3 Qf5 48. Qe7 Rg8 49. Qe3 1-0

[Event "Titled Tuesday intern op 08th Aug Early"]
[Site "Chess.com INT"]
[Date "2023.08.08"]
[Round "5"]
[White "Garcia Correa, Jose Ricardo"]
[Black "Stangl, Anita"]
[Result "1-0"]
[WhiteElo "2103"]
[BlackElo "2037"]
[PlyCount "33"]
[EventDate "2023.08.08"]
[EventType "swiss (blitz)"]
[EventRounds "11"]
[EventCountry "USA"]
[SourceTitle "EXT 2024"]
[Source "ChessBase"]
[SourceDate "2023.10.10"]
[SourceVersion "1"]
[SourceVersionDate "2023.10.10"]
[SourceQuality "1"]

1. e4 e6 2. d4 d5 3. Nc3 Nf6 4. Bg5 Be7 5. e5 Nfd7 6. h4 Bxg5 7. hxg5 Qxg5 8. Nh3 Qe7 9. Qg4 g6 10. Ng5 h5 11. Qf4 a6 12. 0-0-0 c5 13. dxc5 Nc6 14. Rxd5 exd5 15. Nxd5 Qxc5 16. Qxf7+ Kd8 17. Ne6# 1-0

[Event "Titled Tuesday intern op 08th Aug Early"]
[Site "Chess.com INT"]
[Date "2023.08.08"]
[Round "3"]
[White "Stangl, Anita"]
[Black "Edisherashvili, Alexandre"]
[Result "0-1"]
[WhiteElo "2037"]
[BlackElo "1997"]
[PlyCount "102"]
[EventDate "2023.08.08"]
[EventType "swiss (blitz)"]
[EventRounds "11"]
[EventCountry "USA"]
[SourceTitle "EXT 2024"]
[Source "ChessBase"]
[SourceDate "2023.10.10"]
[SourceVersion "1"]
[SourceVersionDate "2023.10.10"]
[SourceQuality "1"]

1. e4 d6 2. Nf3 Nf6 3. Nc3 g6 4. d4 Bg7 5. h3 0-0 6. Be3 a6 7. Bd3 Nc6 8. Qd2 e5 9. d5 Ne7 10. Bh6 Nh5 11. g4 Nf4 12. Bxf4 exf4 13. Qxf4 b5 14. a3 Rb8 15. Qd2 Bd7 16. Nd1 Kh8 17. Ne3 f5 18. gxf5 gxf5 19. exf5 Nxf5 20. 0-0-0 Qf6 21. c3 Nxe3 22. fxe3 Qxf3 23. Rdf1 Qxd5 24. Qc2 h6 25. Rhg1 Qe5 26. Qd2 a5 27. Bb1 Rbe8 28. Re1 b4 29. axb4 axb4 30. cxb4 c5 31. bxc5 Qxc5+ 32. Qc2 Rxe3 33. Kd1 Rxe1+ 34. Rxe1 Qxc2+ 35. Bxc2 Bxh3 36. Re7 Bf5 37. Bb3 Bxb2 38. Bd5 Bf6 39. Ra7 h5 40. Kd2 Bg5+ 41. Kc3 h4 42. Kd4 h3 43. Ra2 Bf4 44. Rf2 Be5+ 45. Ke3 Kg7 46. Bh1 Be6 47. Rc2 Rf1 48. Be4 d5 49. Bf3 d4+ 50. Ke4 Re1+ 51. Kd3 Bf5+ 0-1